<?xml version="1.0" encoding="UTF-8"?>
<record
    xmlns:xsi="http://www.w3.org/2001/XMLSchema-instance"
    xsi:schemaLocation="http://www.loc.gov/MARC21/slim http://www.loc.gov/standards/marcxml/schema/MARC21slim.xsd"
    xmlns="http://www.loc.gov/MARC21/slim">

  <leader>00739nam a22001697a 4500</leader>
  <controlfield tag="008">120620t        xxu||||| |||| 00| 0 eng d</controlfield>
  <datafield tag="020" ind1=" " ind2=" ">
    <subfield code="a">0852974485</subfield>
  </datafield>
  <datafield tag="050" ind1=" " ind2=" ">
    <subfield code="a">HG4028.C45 C69</subfield>
  </datafield>
  <datafield tag="100" ind1=" " ind2=" ">
    <subfield code="a">Coyle, Brian</subfield>
  </datafield>
  <datafield tag="245" ind1=" " ind2=" ">
    <subfield code="a">Cash collection &amp; transmission /</subfield>
    <subfield code="c">Brian Coyle</subfield>
  </datafield>
  <datafield tag="260" ind1=" " ind2=" ">
    <subfield code="a">United Kingdom:</subfield>
    <subfield code="b">CIB Publishing,</subfield>
    <subfield code="c">c2000.</subfield>
  </datafield>
  <datafield tag="300" ind1=" " ind2=" ">
    <subfield code="a">119 p.:</subfield>
    <subfield code="c">24cm.</subfield>
  </datafield>
  <datafield tag="500" ind1=" " ind2=" ">
    <subfield code="a">Includes index.</subfield>
  </datafield>
  <datafield tag="505" ind1=" " ind2=" ">
    <subfield code="a">Contents: Introduction -- Cash collection -- Cash collection: international banking -- Reviewing cash collections and payments -- The Customer bank relationaship -- Bank account configurations -- Netting -- Cash pooling and concentration accounts -- Electronic banking systems -- Conclusion.</subfield>
  </datafield>
  <datafield tag="650" ind1=" " ind2=" ">
    <subfield code="b">Cash management</subfield>
  </datafield>
  <datafield tag="942" ind1=" " ind2=" ">
    <subfield code="2">lcc</subfield>
    <subfield code="c">BK</subfield>
  </datafield>
  <datafield tag="999" ind1=" " ind2=" ">
    <subfield code="c">1482</subfield>
    <subfield code="d">8982</subfield>
  </datafield>
  <datafield tag="952" ind1=" " ind2=" ">
    <subfield code="0">0</subfield>
    <subfield code="1">0</subfield>
    <subfield code="2">lcc</subfield>
    <subfield code="4">0</subfield>
    <subfield code="7">0</subfield>
    <subfield code="a">WIUC-1</subfield>
    <subfield code="b">WIUC-1</subfield>
    <subfield code="c">GEN</subfield>
    <subfield code="d">2012-06-20</subfield>
    <subfield code="l">0</subfield>
    <subfield code="o">HG4028.C45 C69</subfield>
    <subfield code="p">3597/12</subfield>
    <subfield code="r">2012-06-20 00:00:00</subfield>
    <subfield code="t">1</subfield>
    <subfield code="w">2012-06-20</subfield>
    <subfield code="y">BK</subfield>
  </datafield>
  <datafield tag="952" ind1=" " ind2=" ">
    <subfield code="0">0</subfield>
    <subfield code="1">0</subfield>
    <subfield code="2">lcc</subfield>
    <subfield code="4">0</subfield>
    <subfield code="7">0</subfield>
    <subfield code="a">WIUC-1</subfield>
    <subfield code="b">WIUC-1</subfield>
    <subfield code="c">GEN</subfield>
    <subfield code="d">2012-06-20</subfield>
    <subfield code="l">0</subfield>
    <subfield code="o">HG4028.C45 C691</subfield>
    <subfield code="p">3598/12</subfield>
    <subfield code="r">2012-06-20 00:00:00</subfield>
    <subfield code="t">2</subfield>
    <subfield code="w">2012-06-20</subfield>
    <subfield code="y">BK</subfield>
  </datafield>
  <datafield tag="952" ind1=" " ind2=" ">
    <subfield code="0">0</subfield>
    <subfield code="1">0</subfield>
    <subfield code="2">lcc</subfield>
    <subfield code="4">0</subfield>
    <subfield code="7">0</subfield>
    <subfield code="a">WIUC-1</subfield>
    <subfield code="b">WIUC-1</subfield>
    <subfield code="c">GEN</subfield>
    <subfield code="d">2012-06-20</subfield>
    <subfield code="l">0</subfield>
    <subfield code="o">HG4028.C45 C692</subfield>
    <subfield code="p">3599/12</subfield>
    <subfield code="r">2012-06-20 00:00:00</subfield>
    <subfield code="t">3</subfield>
    <subfield code="w">2012-06-20</subfield>
    <subfield code="y">BK</subfield>
  </datafield>
</record>
